| 000 | 01353nam a22002057a 4500 | ||
|---|---|---|---|
| 999 |
_c59960 _d59960 |
||
| 003 | Ge_BSU | ||
| 005 | 20230524092154.0 | ||
| 008 | 230523s2018 ge ||||| |||| 00| 0 geo d | ||
| 020 | _a1512-1518 | ||
| 041 | _ageo | ||
| 080 | _a327(479.22) ქ-27 | ||
| 245 |
_aქართული დიპლომატია : _bწელიწდეული ტ.18 / _cივანე ჯავახიშვილის სახელობის თბილისის სახელმწიფო უნივერსიტეტი; ქართული სახელმწიფო და სახალხო დიპლომატიის ისტორიის სამეცნიერო-კვლევითი ცენტრი; მთავარი რედაქტორი როინ მეტრეველი. |
||
| 264 |
_aთბილისი : _bთსუ-ს გამ-ბა, _c1994. |
||
| 300 |
_a436 გვ. _b22 სმ. |
||
| 653 | _aქართული დიპლომატია | ||
| 653 | _aწელიწდეული | ||
| 700 |
_aმეტრეველი, როინ _eმთავარი რედაქტორი _918193 |
||
| 710 |
_aსაქართველოს ისტორიკოსთა ეროვნული კომიტეტი _912850 |
||
| 942 |
_2udc _cBK |
||